Moby Dick, or, the whale / (Record no. 39806)

MARC details
000 -CABECERA
campo de control de longitud fija 00839nam a2200265 a 4500
005 - FECHA Y HORA DE LA ÚLTIMA TRANSACCIÓN
campo de control 20240320063654.0
008 - ELEMENTOS DE LONGITUD FIJA--INFORMACIÓN GENERAL
campo de control de longitud fija 991125s1990 ea 000 0 eng u
020 ## - NÚMERO INTERNACIONAL NORMALIZADO PARA LIBROS
Número Internacional Estándar del Libro 0852995316
035 ## - NÚMERO DE CONTROL DEL SISTEMA
Número de control de sistema UPN01000039806
049 ## - COLECCIÓN
Colección CG
050 #4 - SIGNATURA TOPOGRÁFICA DE LA BIBLIOTECA DEL CONGRESO
Número de clasificación AC1
Número de documento/Ítem G7 1990 v.48
100 1# - ASIENTO PRINCIPAL--NOMBRE PERSONAL
Nombre de persona Melville, Herman,
Fechas asociadas al nombre 1819-1891
9 (RLIN) 29256
245 10 - MENCIÓN DE TÍTULO
Título Moby Dick, or, the whale /
Mención de responsabilidad, etc. Herman Melville.
250 ## - MENCIÓN DE EDICIÓN
Mención de edición 2nd ed.
260 ## - PUBLICACIÓN, DISTRIBUCIÓN, ETC.
Lugar de publicación, distribución, etc. Chicago, E.U.A. :
Nombre del editor, distribuidor, etc. Encyclopaedia Britannica,
Fecha de publicación, distribución, etc. 1990.
300 ## - DESCRIPCIÓN FÍSICA
Extensión xx, 395 p.
440 #0 - MENCIÓN DE SERIE/ASIENTO SECUNDARIO--TÍTULO
Título Great books of the western world ;
Designación de volumen o secuencia 48
500 ## - NOTA GENERAL
Nota general Biografías: p. ix, p. 263
501 ## - NOTA DE "CON"
Nota de “Con” Con: Adventures of Huckleberry Finn / Mark Twain
650 #0 - ASIENTO SECUNDARIO DE MATERIA - TERMINO TEMATICO
Término de materia o nombre geográfico como elemento de entrada Aventuras y aventureros
9 (RLIN) 4121
650 #4 - ASIENTO SECUNDARIO DE MATERIA - TERMINO TEMATICO
Término de materia o nombre geográfico como elemento de entrada BALLENAS -
Subdivisión de forma NOVELA
9 (RLIN) 8653
650 #2 - ASIENTO SECUNDARIO DE MATERIA - TERMINO TEMATICO
Término de materia o nombre geográfico como elemento de entrada Ciencia
Subdivisión de forma Colecciones
9 (RLIN) 9879
650 #4 - ASIENTO SECUNDARIO DE MATERIA - TERMINO TEMATICO
Término de materia o nombre geográfico como elemento de entrada Novela estadounidense
9 (RLIN) 4462
905 ## - TIPO DE MATERIAL
Tipo de material Libro
Holdings
Estado de retiro Estado de pérdida Fuente del sistema de clasificación o colocación Estado dañado No para préstamo Código de colección Localización permanente Ubicación/localización actual Ubicación en estantería Fecha de adquisición Enumeración/cronología de publicación seriada Clasificación Código de barras Fecha visto por última vez Número de copia Tipo de ítem Koha
    Library of Congress Classification   Disponible (Préstamo en sala) Consulta Bib. Gregorio Torres Quintero Bib. Gregorio Torres Quintero Sala de lectura Sótano 30/06/2023 v.48 AC1 G7 1990 v.48 159976 31/12/2020 1 Libro